[Event "Quebec-ch U16"]
[Site "Montreal"]
[Date "2009.11.29"]
[Round "5"]
[White "Paquette, Esther Jeanne"]
[Black "Boni Rowe, Nicolas"]
[Result "1/2-1/2"]
[WhiteElo "994"]
[BlackElo "1347"]
[PlyCount "114"]
[EventDate "2009.11.27"]
[EventType "swiss"]
[EventRounds "5"]
[EventCountry "CAN"]
[SourceTitle "EXT 2011"]
[Source "ChessBase"]
[SourceDate "2010.11.26"]
[SourceVersion "1"]
[SourceVersionDate "2010.11.26"]
[SourceQuality "1"]

1. d4 f5 2. c4 e6 3. Nf3 Nf6 4. Nc3 Be7 5. Bf4 0-0 6. e3 d5 7. cxd5 exd5 8. Bd3 c6 9. 0-0 Ne4 10. Ne1 g5 11. f3 Nxc3 12. bxc3 gxf4 13. exf4 Kh8 14. Nc2 c5 15. Kh1 Nc6 16. dxc5 Bxc5 17. Qb1 d4 18. cxd4 Nxd4 19. Qb2 Qf6 20. Ne1 Nc6 21. Qc1 b6 22. Bc4 Be6 23. Bxe6 Qxe6 24. Nd3 Bd4 25. Rb1 Rac8 26. Re1 Qg6 27. Qc4 Bg7 28. Re6 Rf6 29. Rbe1 Rcf8 30. Qxc6 Rd8 31. Rxf6 Qxf6 32. Ne5 Rd2 33. Qxf6 Bxf6 34. h3 Rxa2 35. Rc1 Bxe5 36. fxe5 Re2 37. Rc8+ Kg7 38. Rc7+ Kg6 39. Rxa7 Rxe5 40. Ra6 Re6 41. g4 Kf6 42. Kg2 b5 43. Ra5 Rb6 44. Kg3 fxg4 45. hxg4 b4 46. Ra1 b3 47. Rb1 Ke5 48. f4+ Kd4 49. f5 Kc3 50. g5 b2 51. f6 Rb7 52. Kf4 Kc2 53. Rxb2+ Kxb2 54. Ke5 Kc3 55. Ke6 Kd4 56. f7 Rxf7 57. Kxf7 Ke5 1/2-1/2

[Event "Quebec Interclubs sf final"]
[Site "Montreal"]
[Date "2009.05.09"]
[Round "3"]
[White "Paquette, Esther Jeanne"]
[Black "Girard, Sylvain"]
[Result "0-1"]
[WhiteElo "984"]
[BlackElo "1487"]
[PlyCount "78"]
[EventDate "2009.05.08"]
[EventType "team"]
[EventRounds "5"]
[EventCountry "CAN"]
[SourceTitle "EXT 2011"]
[Source "ChessBase"]
[SourceDate "2010.11.26"]
[SourceVersion "1"]
[SourceVersionDate "2010.11.26"]
[SourceQuality "1"]

1. d4 Nf6 2. c4 c5 3. d5 b5 4. Nc3 b4 5. Na4 d6 6. Nf3 g6 7. a3 Bg7 8. axb4 cxb4 9. Bd2 a5 10. Qc1 Ne4 11. Bh6 Bf6 12. Ng5 Nc5 13. Nxc5 dxc5 14. Ne4 Nd7 15. Nxf6+ Nxf6 16. b3 Ne4 17. f3 Nd6 18. e4 Bd7 19. Bg7 Rg8 20. Qh6 Bc8 21. Qxh7 Kd7 22. Bb2 Qf8 23. Qh3+ Kc7 24. Qg3 Qe8 25. Bd3 Bd7 26. 0-0 a4 27. e5 Nf5 28. Bxf5 gxf5 29. e6+ Rxg3 30. Be5+ Kb7 31. Bxg3 fxe6 32. dxe6 Bxe6 33. Rfd1 axb3 34. Rac1 Ra2 35. Be5 Qg6 36. g3 Qh5 37. g4 Qh3 38. Rd7+ Bxd7 39. Ra1 Qg2# 0-1